Democracia y productividad: desafíos de una nueva educación media en América Latina
Saved in:
| Main Authors: | , , , , , , , , |
|---|---|
| Andre forfattere: | |
| Format: | Bog |
| Sprog: | spansk |
| Udgivet: |
Santiago
UNESCO
1994
|
| Serier: | Lecturas de Educación y Tabajo, 2
|
| Fag: | |
| Tags: |
Tilføj Tag
Ingen Tags, Vær først til at tagge denne postø!
|
MARC
| LEADER | 00000nam a2200000 a 4500 | ||
|---|---|---|---|
| 001 | UCY6048 | ||
| 003 | CL-VaPUC | ||
| 008 | 950521e19940000CL |||||||||||||||||spa|d | ||
| 082 | 0 | 4 | |a 373.980 |b IBA |2 21 |
| 100 | |a Ibarrola, María de |e author |9 460712 | ||
| 700 | 0 | |a Gallart, María Antonia |e author |9 335624 | |
| 700 | 0 | |a Aguerrondo, Inés |e author |9 335625 | |
| 700 | 0 | |a Bracho, Teresa |e author |9 335626 | |
| 700 | 0 | |a Braslavsky, Cecilia |e author |9 335627 | |
| 700 | 0 | |a Cariola, Leonor |e author |9 335628 | |
| 700 | |a Gómez Campo, Víctor Manuel |e author |9 523596 | ||
| 700 | |a Muñoz Izquierdo, Carlos |e autor |9 460718 | ||
| 700 | 0 | |a Weiss, Eduardo |e author |9 335631 | |
| 700 | 0 | |a Zibas, Dagmar |e author |9 335632 | |
| 245 | 1 | 0 | |a Democracia y productividad: desafíos de una nueva educación media en América Latina |
| 300 | |a 123 p | ||
| 942 | |c BK | ||
| 945 | |d 19950521 00:00:00 |a mfernand | ||
| 260 | |a Santiago |b UNESCO |c 1994 | ||
| 650 | 0 | |a Educación técnica |9 307052 | |
| 650 | 0 | |a Trabajo y empleo |9 315054 | |
| 651 | 0 | |a América Latina |9 255027 | |
| 583 | |a last modification |c 20170828 02:58:52 |k Rodrigo Vera | ||
| 490 | 0 | |a Lecturas de Educación y Tabajo, 2 | |
| 999 | |c 233632 |d 233630 | ||
| 952 | |0 0 |1 0 |4 0 |6 373_980000000000000_IBA_1994 |7 0 |8 P |9 239269 |a BIBEDU |b BIBEDU |c BIBEDU_PB |d 2019-11-18 |i 1505432 |o 373.980 IBA 1994 |p 1505432 |r 2024-01-25 |w 2019-11-18 |y BK |k EDU | ||
| 952 | |0 0 |1 0 |4 0 |6 373_980000000000000_IBA_1994 |7 0 |8 P |9 239270 |a BIBEDU |b BIBEDU |d 2019-11-18 |i 3128377 |o 373.980 IBA 1994 |p 3128377 |r 2024-01-25 |w 2019-11-18 |y BK |k EDU | ||